Giáo trình sinh lí học trẻ em
Trình bày kiến thức cơ bản về sinh lí trẻ em qua nội dung: Vai trò, cấu tạo của máu và bạch huyết, hệ tuần hoàn, hệ hô hấp, hệ tiêu hoá, hệ bài tiết, trao đổi chất và năng lượng, hệ sinh dục, sinh lí nội tiết, sinh lí hệ vận động, hệ thần kinh, các cơ quan phân tích, sinh lí hoạt động thần kinh cấp...
Gardado en:
| Autor Principal: | |
|---|---|
| Outros autores: | |
| Formato: | Libro |
| Idioma: | Vietnamese |
| Publicado: |
H.
Đại học Sư phạm
2015
|
| Edición: | In lần thứ sáu |
| Những chủ đề: | |
| Các nhãn: |
Engadir etiqueta
Sen Etiquetas, Sexa o primeiro en etiquetar este rexistro!
|
| Thư viện lưu trữ: | Mạng thư viện Đại học Đà Nẵng |
|---|
| LEADER | 01568nam a2200361 4500 | ||
|---|---|---|---|
| 001 | 000024250 | ||
| 003 | 20736 | ||
| 005 | 20161109101148.0 | ||
| 008 | 161103s2015 viesd | ||
| 020 | |c 45000đ | ||
| 041 | 0 | |a vie | |
| 082 | 1 | 4 | |a 612.654 |b TA-L |
| 100 | 1 | |a Tạ Thúy Lan | |
| 245 | 1 | 0 | |a Giáo trình sinh lí học trẻ em |c Tạ Thúy Lan, Trần Thị Loan |
| 246 | |a Giáo trình sinh lý học trẻ em | ||
| 250 | |a In lần thứ sáu | ||
| 260 | |a H. |b Đại học Sư phạm |c 2015 | ||
| 300 | |a 196 tr. |b minh họa |c 24 cm. | ||
| 504 | |a Thư mục: tr. 195 | ||
| 520 | 3 | |a Trình bày kiến thức cơ bản về sinh lí trẻ em qua nội dung: Vai trò, cấu tạo của máu và bạch huyết, hệ tuần hoàn, hệ hô hấp, hệ tiêu hoá, hệ bài tiết, trao đổi chất và năng lượng, hệ sinh dục, sinh lí nội tiết, sinh lí hệ vận động, hệ thần kinh, các cơ quan phân tích, sinh lí hoạt động thần kinh cấp cao. | |
| 650 | 0 | 4 | |a Sinh lý học |v Giáo trình |x Trẻ em |
| 653 | |a Trẻ em | ||
| 700 | 1 | |a Trần Thị Loan | |
| OWN | |a LSP | ||
| AVA | |a UDN50 |b LSP |d 612.654 TA-L |e check_holdings |t Error 5003 Not defined in file expand_doc_bib_avail. |h N |k 1 | ||
| 999 | |a From the UDN01 | ||
| AVA | |a UDN50 |b LSP |d 612.654 TA-L |e available |t Error 5001 Not defined in file expand_doc_bib_avail. |f 20 |g 6 |h N |i 55 |k 1 | ||
| TYP | |a Monograph | ||
| TYP | |a Printed language | ||
| 980 | |a Mạng thư viện Đại học Đà Nẵng | ||